Footballeurs belges (par images). - Statistiques

Statistiques générales
  • Ce quiz a été pris 363 fois
  • Le résultat moyen est 10 sur 16
Statistiques - réponses
Par images Réponse % Correct
Eden Hazard
100%
Kevin De Bruyne
100%
Thibaut Courtois
99%
Romelu Lukaku
98%
Vincent Kompany
93%
Axel Witsel
90%
Dries Mertens
88%
Wilfried Van Moer
87%
Jan Vertonghen
82%
Daniel Van Buyten
47%
Michel Preud'homme
44%
Marc Wilmots
42%
Enzo Scifo
29%
Jean-Marie Pfaff
23%
Jan Ceulemans
15%
Paul Van Himst
10%
Aucun quiz correspondant
Distribution des résultats
% des personnes avec chaque résultat
Percentile par nombre de réponses
Votre historique - résultats
Vous n’avez pas pris ce quiz